Subaru Models - Statistics

General Stats
  • This quiz has been taken 67 times
    63 since last reset
  • The average score is 7 of 10
Answer Stats
Hint Answer % Correct
Medium SUV Forester
94%
Small sedan Impreza
89%
Fastest Subaru WRX
87%
Medium SUV Outback
85%
Small sedan Legacy
79%
Small sports car BRZ
68%
Small SUV Crosstrek
66%
Biggest SUV Ascent
43%
First EV SUV Solterra
40%
Bonus SUV Tribeca
28%
No matching quizzes found
Score Distribution
Percent of People with Each Score
Percentile by Number Answered
Your Score History
You have not taken this quiz since the last reset